000 00636nam a2200229Ia 4500
003 OSt
005 20221007072925.0
006 a|||||r|||| 00| 0
007 ta
008 221006b |||||||| |||| 00| 0 eng d
024 _a25,960
037 _cTextual
040 _aFLL
_cFLL
_beng
041 _2eng
_aeng
082 _aX9F182:945.3, K2
100 _aHill J. M. M.
_9691642
245 0 _aIndustrial accidents sickness and other absences
260 _aLondon
_bTavistock Publications UK
_c1962
300 _a58p
_ccm.
942 _hX9F182:945.3, K2
_cTEXL
_2CC
999 _c1147298
_d1147298